|
|
|
|
| LEADER |
00000cam a2200000 7i4500 |
| 001 |
0000001405 |
| 005 |
20010619.0 |
| 020 |
0 |
0 |
|a 1559631694
|
| 090 |
0 |
0 |
|a 338.1749870913
|b SUS 1992
|
| 245 |
0 |
0 |
|a SUSTAINABLE harvest and marketing of rain forest products
|c edited by Mark Plotkin and Lisa Famolare
|
| 260 |
0 |
0 |
|a Washington, D.C. :
|b Island Press ,
|c 1992
|
| 300 |
|
|
|a xv, 325 p. :
|b ill. ;
|c 24 cm.
|
| 500 |
0 |
0 |
|a Includes bibliographical references and index
|
| 650 |
0 |
0 |
|a Botany, Medical
|x Tropics
|x Congresses
|
| 650 |
0 |
0 |
|a Ethnobotany
|x Tropics
|x Congresses
|
| 650 |
0 |
0 |
|a Forest products
|x Marketing
|x Congresses
|
| 650 |
0 |
0 |
|a Forest products
|x Tropics
|x Congresses
|
| 650 |
0 |
0 |
|a Palms
|x Economic aspects
|x Congresses
|
| 650 |
0 |
0 |
|a Rain forests
|x Economic aspects
|x Congresses
|
| 650 |
0 |
0 |
|a Sustainable forestry
|z Tropics
|x Congresses
|
| 700 |
0 |
1 |
|a Famolare
|h Lisa
|
| 700 |
0 |
1 |
|a Plotkin
|h Mark J.
|
| 710 |
1 |
1 |
|a Conservation International
|
| 998 |
|
|
|a JPSM
|
| 999 |
|
|
|a 0000002707
|b Monograph
|c Open Shelf
|e Default branch
|